LDR 00841naa#a2200217#i#450# 001 EN\\bibl\120160 005 20260603153609.3 011 ## _a2500-4026 100 ## _a20230331b2023####ek#y0engy0150####ca 101 0# _aRUS 102 ## _aRU 200 1# _aAutomation of calculations according to the methodology of assessing the activities of Territorial bodies of State Fire Supervision of the Ministry of Emergency Situations of Russia _eJournal article 210 1# _aZheleznogorsk _cFSBEE HE Siberian Fire and Rescue Academy EMERCOM of Russia _d2023 215 ## _a8 с. 608 ## _aJournal article _2local 675 ## _aПрочие вопросы, касающиеся пожарной охраны. 614.849 _zRUS 700 #1 _aIskalin _gV I 700 #1 _aSorokin _gV A 700 #1 _aTuz _gN V 700 #1 _aDomrachev _gK V 856 4# _avestnik-sibpsa.editorum.ru _u